| 000 | 01338cam a22003737a 4500 | ||
|---|---|---|---|
| 003 | CHAP | ||
| 005 | 20220329142331.0 | ||
| 008 | 000803d2000 ar a r 00110 spa d | ||
| 010 | _a81925 | ||
| 011 | _a82897 | ||
| 035 | _a93402 | ||
| 040 | _cCHAP | ||
| 090 | _aFolleto 16007 | ||
| 100 | 0 | 0 |
_aRomero, Eduardo R. _999685 |
| 245 | 1 | 0 |
_aFluazifop butil : _bsu empleo como madurador químico para caña de azúcar _c/por Eduardo R. Romero, Jorge Scandaliaris y Mariana Rufino |
| 260 |
_aTucumán, Argentina : _bEstación Experimental Agroindustrial Obispo Colombres _c2000. |
||
| 300 |
_a28 p. : _bilus. |
||
| 590 |
_aBATCH-UPD _b10 _c20130110 _lUCH01 _h0318 |
||
| 590 |
_aBATCH-UPD _b10 _c20130110 _lUCH01 _h1612 |
||
| 590 |
_aBATCH-UPD _b10 _c20130409 _lUCH01 _h2351 |
||
| 590 |
_aBATCH-UPD _b10 _c20130410 _lUCH01 _h1449 |
||
| 590 |
_aBATCH-UPD _b10 _c20130914 _lUCH01 _h0837 |
||
| 590 |
_aCONVERSION _b10 _c20130109 _lUCH01 _h1345 |
||
| 650 | 1 | 4 |
_aCaña de azúcar _xArgentina. _918576 |
| 650 | 1 | 4 |
_aCaña de azúcar _xMaduración. _918623 |
| 650 | 1 | 4 |
_aCaña de azúcar _xRendimiento. _918643 |
| 650 | 1 | 4 |
_aFluazifopbutil. _941886 |
| 700 | 0 |
_aRufino, Mariana. _9100580 |
|
| 700 | 0 |
_aScandaliaris, Jorge. _9102849 |
|
| 901 | _aBK | ||
| 905 | _aLilia Sánchez G. | ||
| 942 | _cFOLL | ||
| 949 |
_aFolleto 16007 _bBC _cFOLL _d934021 _eTS1 _i93402 _sb |
||
| 999 |
_c81925 _d81925 |
||